Christian Attitudes Towards War and Peace (Record no. 5685)

MARC details
000 -LEADER
fixed length control field 00595nam a2200241 a 4500
020 ## - INTERNATIONAL STANDARD BOOK NUMBER
ISBN
082 00 - DEWEY DECIMAL CLASSIFICATION NUMBER
Classification number 270
Author Cutter BAI
100 ## - MAIN ENTRY--AUTHOR NAME
Author name Bainton, Roland H
245 ## - TITLE STATEMENT
Title Christian Attitudes Towards War and Peace
260 ## - PUBLICATION, DISTRIBUTION, ETC. (IMPRINT)
Place of publication New York
Name of publisher Abingdon Press
Year of publication 1960
300 ## - PHYSICAL DESCRIPTION
Number of Pages 299p
500 ## - GENERAL NOTE
General note includes index and biblioraphy
505 2# - FORMATTED CONTENTS NOTE
Formatted contents note Index of References
650 ## - SUBJECT ADDED ENTRY--TOPICAL TERM
Topical Term Church
942 ## - ADDED ENTRY ELEMENTS (KOHA)
Koha item type Books
700 1# -
-- Bainton, Roland H
Holdings
Home library Current library Date acquired Cost, normal purchase price Full call number Accession Number Koha item type
Henry Martyn Institute Library Henry Martyn Institute Library 07/16/2007 223.25 270 BAI 08469 E-Books
                   Copyright © 2026 | Henry Martyn Institute | Hyderabad | TS-500052 | INDIA | Implemented by hmi.edu.in
Hit-Count:

Powered by Koha